00412nam a2200145Ia 4500008004100000020001800041041000800059082001800067100002000085245004300105250000600148260006400154300001300218650003500231210716s2011 xx 000 0 und d a9780070472426 aeng a658.4038 LUCH aLucas, Henry C. aInformation technology for management. a7 aNew DelhibTata McGraw Hill Education Private Limitedc2011 axxii,730 aManagement Information Systems